000 00930nam a22002897a 4500
003 CHAP
005 20220817041533.0
008 971013s1962 r 00010 d
010 _a17358
011 _a18330
035 _a22415
040 _cCHAP
082 _a595.771
_bH8
100 0 0 _aHull, Frank M.
_956846
245 _aRobber flies of the world; the genera of the family Asilidae
260 _aWashington :
_bGovernment Printing Office,
_c1962
300 _a2 v.
_b: ilus.
490 _aU.S. National Museum Bulletin
_v; 224
590 _aBATCH-UPD
_b10
_c20130110
_lUCH01
_h2237
590 _aCONVERSION
_b10
_c20130109
_lUCH01
_h1311
650 1 4 _aAsilidae.
_97954
830 0 _aU.S. National Museum Bulletin
_v; 224
901 _aBK
942 _cLIBRO
949 _a595.771 H8
_bBC
_cLIBRO
_d33724000368890
_eLIBRO
_fv.2
_h15332
_i22415
_si
949 _a595.771 H8
_bBC
_cLIBRO
_d33724000368908
_eLIBRO
_fv.1
_h15331
_i22415
_si
999 _c17358
_d17358